Normal view
MARC view
- MS-EEP Thesis MS Thesis
Entry Topical Term
001 - CONTROL NUMBER
- control field: 116400
003 - CONTROL NUMBER IDENTIFIER
- control field: NUST
005 - DATE AND TIME OF LATEST TRANSACTION
- control field: 20230912165941.0
008 - FIXED-LENGTH DATA ELEMENTS
- fixed length control field: 230912|| aca||aabn | a|a d
040 ## - CATALOGING SOURCE
- Original cataloging agency: NUST
- Transcribing agency: NUST
150 ## - HEADING--TOPICAL TERM
- Topical term or geographic name entry element: MS-EEP Thesis MS Thesis
670 ## - SOURCE DATA FOUND
- Source citation: Work cat.: (NUST): Rida Fatima (00000170395) 116399, Electrical modelling and emulation of high power lithium-ion battery /, 2018
